00767nam a2200217 a 450000100060000000300080000600500170001400800410003102000290007203500190010104000240012004100080014408200300015210000180018224500620020026000500026230000330031250400660034552001150041165000230052640374BD-RjUL20211209053212.0160430s1996 bg b b 001 0 eng  a9840513281c: Tk. 450.00 a(BD-RjUL)40489 aBD-RjUcBD-RjUbeng aeng00223a631.4095492bBRT 19961 aBrammer, Hugh14aThe geography of the soils of Bangladesh /cHugh Brammer. aDhaka, Bangladesh :bUniversity Press,c1996. axiv, 287 p. :bmap ;c25 cm. aIncludes bibliographical references (p. [275]-276) and index. aRevised and up-dated edition of a report prepared for the Food and Agriculture Organization of United Nations. 0aSoilszBangladesh.